书目信息 |
| 题名: |
中国小说戏曲理论的近代转型
|
|
| 作者: | 程华平 著 | |
| 分册: | ||
| 出版信息: | 上海 华东师范大学出版社 2001 |
|
| 页数: | 324页 | |
| 开本: | 21cm | |
| 丛书名: | ||
| 单 册: | ||
| 中图分类: | I206.5 | |
| 科图分类: | ||
| 主题词: | 近代文学--文学研究--中国 | |
| 电子资源: | ||
| ISBN: | 7-5617-2313-X | |
| 000 | 00859nam0 2200241 45 | |
| 001 | 110000070130 | |
| 005 | 20060105154132.15 | |
| 010 | @a7-5617-2313-X@dCNY14.00 | |
| 092 | @aCN | |
| 100 | @a20040929d2001 emky0chiy0110 ea | |
| 101 | 0 | @achi |
| 102 | @aCN@b310000 | |
| 105 | @ay az 000yy | |
| 200 | 1 | @a中国小说戏曲理论的近代转型@Azhong guo xiao shuo xi qu li lun de jin dai zhuan xing@f程华平著@FCheng Hua Ping Zhu |
| 210 | @a上海@c华东师范大学出版社@d2001 | |
| 215 | @a324页@d21cm | |
| 300 | @a国家社会科学“九五”基金项目 | |
| 330 | @a本书三编:上编研究中国小说的近代转型;中编研究中国戏曲的近代转型;下编研究传媒发展与小说戏曲理论批评的近代化、队伍变化与小说戏曲理论批评的近代化。 | |
| 606 | 0 | @a近代文学@x文学研究@y中国 |
| 690 | @aI206.5@v4 | |
| 701 | 0 | @a程华平@4著 |
| 801 | 0 | @aCN@bCXYBOOK@c20060105 |
| 905 | @a10447@f1@b355391@dI206.5@e13 | |
| 中国小说戏曲理论的近代转型/程华平著.-上海:华东师范大学出版社,2001 |
| 324页;21cm |
| 国家社会科学“九五”基金项目 |
| ISBN 7-5617-2313-X:CNY14.00 |
| 本书三编:上编研究中国小说的近代转型;中编研究中国戏曲的近代转型;下编研究传媒发展与小说戏曲理论批评的近代化、队伍变化与小说戏曲理论批评的近代化。 |
| ● |
| 相关链接 |
|
|
|
|
正题名:中国小说戏曲理论的近代转型
索取号:I206.5/13
 
预约/预借
| 序号 | 登录号 | 条形码 | 馆藏地/架位号 | 状态 | 备注 |
| 1 | 0355391 | 3553915 | 第一样本阅览室/ [索取号:I206.5/13] | 在馆 | |
| 2 | 0373945 | 203739455 | 第二借阅区/ [索取号:I206.5/13] | 在馆 | |
| 3 | 0373946 | 203739464 | 第二借阅区/ [索取号:I206.5/13] | 在馆 | |
| 4 | 0373947 | 203739473 | 第二借阅区/ [索取号:I206.5/13] | 在馆 | |
| 5 | 0373948 | 203739482 | 第二借阅区/ [索取号:I206.5/13] | 在馆 | |
| 6 | 0373949 | 203739491 | 第二借阅区/ [索取号:I206.5/13] | 在馆 |